The art of public speaking
Whether a novice or an experienced speaker, every student will learn how to be a better public speaker through Lucas' clear explanations and thorough coverage. By far the leading speech textbook of our time, The Art of Public Speaking has defined the art of being the best for more than six mill...
Đã lưu trong:
| 主要作者: | |
|---|---|
| 格式: | 图书 |
| 语言: | Undetermined |
| 出版: |
Boston, MA
McGraw-Hill
2007
|
| 主题: | |
| 标签: |
添加标签
没有标签, 成为第一个标记此记录!
|
| Thư viện lưu trữ: | Trung tâm Học liệu Trường Đại học Cần Thơ |
|---|
| LEADER | 01038nam a2200205Ia 4500 | ||
|---|---|---|---|
| 001 | CTU_166214 | ||
| 008 | 210402s9999 xx 000 0 und d | ||
| 020 | |c 7.45 | ||
| 082 | |a 808.51 | ||
| 082 | |b L933 | ||
| 100 | |a Lucas, Stephen | ||
| 245 | 4 | |a The art of public speaking | |
| 245 | 0 | |c Stephen E. Lucas | |
| 260 | |a Boston, MA | ||
| 260 | |b McGraw-Hill | ||
| 260 | |c 2007 | ||
| 520 | |a Whether a novice or an experienced speaker, every student will learn how to be a better public speaker through Lucas' clear explanations and thorough coverage. By far the leading speech textbook of our time, The Art of Public Speaking has defined the art of being the best for more than six million students and instructors. The Lucas Learning Tools Suite offers even more tools and study options to fit the active lifestyles and diverse learning/teaching styles of today's students and instructors | ||
| 650 | |a Public speaking,Nói trước công chúng | ||
| 910 | |a Nguyên | ||
| 980 | |a Trung tâm Học liệu Trường Đại học Cần Thơ | ||